| Tag |
First Indicator |
Second Indicator |
Subfields |
| LEADER |
00000cam a2200000M 4500 |
| 001 |
in00002391521 |
| 005 |
20151109063720.0 |
| 008 |
910314r19271888enk 000 1 eng d |
| 035 |
|
|
|a (OCoLC)ocn213827909
|
| 035 |
|
|
|a (OCoLC)213827909
|
| 040 |
|
|
|a CUT
|c CUT
|d TXA
|d UtOrBLW
|
| 049 |
|
|
|a TXAM
|
| 050 |
|
4 |
|a PR4708.G5
|b T95 1927
|
| 100 |
1 |
|
|a Garnett, Richard,
|d 1835-1906.
|
| 245 |
1 |
4 |
|a The twilight of the gods :
|b [and other tales] /
|c with an introd. by T. E. Lawrence.
|
| 264 |
|
1 |
|a [London] :
|b John Lane,
|c 1927.
|
| 300 |
|
|
|a xvi, 327 pages, 1 unnumbered page ;
|c 18 cm.
|
| 336 |
|
|
|a text
|b txt
|2 rdacontent
|
| 337 |
|
|
|a unmediated
|b n
|2 rdamedia
|
| 338 |
|
|
|a volume
|b nc
|2 rdacarrier
|
| 490 |
1 |
|
|a Week-end library
|
| 500 |
|
|
|a "The first edition of these tales was published in 1888. It contained sixteen stories, to which twelve are added in the present impression. Many originally appeared in periodicals."-Notes, page 325.
|
| 505 |
0 |
|
|a The twilight of the gods.--The potion of Lao-Tsze.--Abdallah the Adite.--Ananda the miracle worker.--The city of philosophers.--The demon pope.--The cupbearer.--The wisdom of the Indians.--The dumb oracle.--Duke Virgil.--The claw.--Alexander the ratcatcher.--The rewards of industry.--Madame Lucifer.--The talismans.--The elixir of life.--The poet of Panopolis.--The purple head.--The firefly.--Pan's wand.--A page from the book of folly.--The bell of Saint Euschemon,--Bishop Addo and Bishop Gaddo.--The philosopher and the butterflies.--Truth and her companions.--The three palaces.--New readings in biography.--The poison maid.--Notes.
|
| 700 |
1 |
|
|a Lawrence, T. E.
|q (Thomas Edward),
|d 1888-1935,
|e d.
|
| 830 |
|
0 |
|a Week-end library.
|
| 948 |
|
|
|a cataloged
|b h
|c 2008/6/10
|d c
|e vilik
|f 11:20:08 am
|
| 994 |
|
|
|a C0
|b TXA
|
| 999 |
|
|
|a MARS
|
| 999 |
f |
f |
|s 17871a12-392b-3306-97cd-8872016810fa
|i cf916f40-2d80-3929-b66e-ea90d18600fb
|t 0
|
| 952 |
f |
f |
|p noncirc
|a Texas A&M University
|b College Station
|c Cushing Memorial Library & Archives
|d Cushing: Literature/Mitchell (Does not check out)
|t 0
|e PR4708.G5 T95 1927
|h Library of Congress classification
|i unmediated -- volume
|
| 998 |
f |
f |
|a PR4708.G5 T95 1927
|t 0
|l Cushing: Literature/Mitchell (Does not check out)
|